| 000 | 00369nam a2200145Ia 4500 | ||
|---|---|---|---|
| 008 | 100415s9999 xx 000 0 und d | ||
| 082 |
_b2206 _a598.25 |
||
| 100 | _aHoward Eliot H | ||
| 245 | _aTerritory in Bird Life | ||
| 260 |
_aLONDON _c1920 _bJOHN MURRAY |
||
| 365 | _b0 | ||
| 630 | _aTerritory in Bird Life | ||
| 730 | _aTerritory in Bird Life | ||
| 942 | _cBOOK | ||
| 999 |
_c585223 _d585220 |
||